Normal view MARC view
  • Ice Cream. Sweet Dishes

Entry Topical Term

Number of records used in: 1

001 - CONTROL NUMBER

  • control field: 81586

003 - CONTROL NUMBER IDENTIFIER

  • control field: NUST

005 - DATE AND TIME OF LATEST TRANSACTION

  • control field: 20210817164528.0

008 - FIXED-LENGTH DATA ELEMENTS

  • fixed length control field: 210817|| aca||aabn | a|a d

040 ## - CATALOGING SOURCE

  • Original cataloging agency: NUST
  • Transcribing agency: NUST

150 ## - HEADING--TOPICAL TERM

  • Topical term or geographic name entry element: Ice Cream. Sweet Dishes

670 ## - SOURCE DATA FOUND

  • Source citation: Work cat.: (NUST)585955: Zakir Qureshi 81010, Meethay Aur Ice Cream, 2010
© 2023 Central Library, National University of Sciences and Technology. All Rights Reserved.